000 00655nam a2200229Ia 4500
005 20240202094927.0
008 131103s9999 xx 000 0 und d
040 _aLoreto College
041 _aEnglish
082 _a342.954
_bPYL
100 _aPylee, M. V.
245 _aIndia'a constitution
_cM. V. Pylee
250 _a2nd rev. ed.
260 _aBombay
_bAsia Publishing House
_c1967
300 _axi,436 p.
_b ill., maps,tables
504 _aIncludes bibliographical references and index
630 _aIndia - Constitutional Law
650 _aConstitution
651 _aConstitutional and Administrative Law
850 _aLCLIB
942 _cBK
999 _c9333
_d59812